| 000 | 00828cam a22002777a 4500 | ||
|---|---|---|---|
| 999 |
_c233005 _d233005 |
||
| 001 | 14129731 | ||
| 003 | Nust | ||
| 005 | 20170227152721.0 | ||
| 008 | 051003s2005 ii 000 1 eng | ||
| 010 | _a 2005387685 | ||
| 020 | _z9788130930978 | ||
| 025 | _aI-E-2005-387685; 26 | ||
| 037 |
_bLibrary of Congress -- New Delhi Overseas Office _cRs395.00 |
||
| 040 |
_aDLC _cDLC |
||
| 041 | 1 |
_aeng _hben |
|
| 042 | _alcode | ||
| 050 | 0 | 0 |
_aMLCM 2005/00053 (P) _aPK1730.24.S333 |
| 082 |
_a891.443 _bNAZ |
||
| 100 | 1 |
_aIsalām, Nazrula, _d1954- |
|
| 240 | 1 | 0 |
_aBhūmiputra. _lEnglish |
| 245 | 1 | 0 |
_aSon of the soil / _cNazrul Islam. |
| 260 |
_aNew Delhi : _bViva Books, _c2005. |
||
| 300 |
_a769 p. ; _c23 cm. |
||
| 500 | _aNovel. | ||
| 906 |
_a7 _bibc _corigode _d4 _encip _f20 _gy-gencatlg |
||
| 942 |
_2ddc _cBK |
||